The complete book intelligence tests : (Record no. 24014)
[ view plain ]
| 000 -LEADER | |
|---|---|
| fixed length control field | 00631nam a2200217 a 4500 |
| 005 - DATE AND TIME OF LATEST TRANSACTION | |
| control field | 20140310183504.0 |
| 008 - FIXED-LENGTH DATA ELEMENTS--GENERAL INFORMATION | |
| fixed length control field | 100809s19uu xx 00 eng d |
| 020 ## - INTERNATIONAL STANDARD BOOK NUMBER | |
| International Standard Book Number | 9781847324252 |
| 050 ## - LIBRARY OF CONGRESS CALL NUMBER | |
| Classification number | BF 431.3 |
| Item number | .B836 2010 |
| 100 ## - MAIN ENTRY--PERSONAL NAME | |
| Personal name | Carter, et. al. |
| 245 ## - TITLE STATEMENT | |
| Title | The complete book intelligence tests : |
| Remainder of title | discover how smart you really are- and improve. / |
| Statement of responsibility, etc | Carter. |
| 260 ## - PUBLICATION, DISTRIBUTION, ETC. (IMPRINT) | |
| Place of publication, distribution, etc | London : |
| Name of publisher, distributor, etc | Carlton Books Limited, |
| Date of publication, distribution, etc | 2010. |
| 300 ## - PHYSICAL DESCRIPTION | |
| Extent | 400 p. : |
| Other physical details | ill. ; |
| Dimensions | 23 cm. |
| 521 ## - TARGET AUDIENCE NOTE | |
| Target audience note | |
| 650 ## - SUBJECT ADDED ENTRY--TOPICAL TERM | |
| Topical term or geographic name as entry element | Intelligence tests. |
| 700 ## - ADDED ENTRY--PERSONAL NAME | |
| Personal name | Carter |
| 700 ## - ADDED ENTRY--PERSONAL NAME | |
| Personal name | Fulton |
| 700 ## - ADDED ENTRY--PERSONAL NAME | |
| Personal name | Russell |
| 942 ## - ADDED ENTRY ELEMENTS (KOHA) | |
| Koha item type | Books |
| Source of classification or shelving scheme | Library of Congress Classification |
| Call number prefix | Foreign |
| Withdrawn status | Lost status | Source of classification or shelving scheme | Damaged status | Home library | Current library | Shelving location | Date acquired | Total Checkouts | Full call number | Barcode | Date last seen | Copy number | Price effective from | Koha item type |
|---|---|---|---|---|---|---|---|---|---|---|---|---|---|---|
| Library of Congress Classification | College Library | College Library | General Circulation Section | 08/09/2010 | BF 431.3 .B836 2010 | C11358 | 05/15/2018 | 1 | 03/10/2014 | Books |